MARC

LEADER 00000nam0a2200000 4500
001 288430
005 20231102000104.0
035 |a (RuTPU)RU\TPU\book\312898 
090 |a 288430 
100 |a 20150325d1985 km y0rusy50 ca 
101 0 |a rus 
102 |a RU 
105 |a a z 001zy 
200 1 |a Территориальное перераспределение речного стока Европейской части РСФСР  |f А. С. Березнер 
210 |a Ленинград  |c Гидрометеоиздат  |d 1985 
215 |a 160 с.  |c ил. 
320 |a Библиогр.: с. 153-159 
606 1 |a Речной сток  |x Перераспределение  |2 stltpush  |3 (RuTPU)RU\TPU\subj\25188  |9 49406 
610 1 |a Россия 
610 1 |a Европейская часть 
610 1 |a природно-хозяйственные условия 
610 1 |a водохозяйственные мероприятия 
610 1 |a технико-экономическое обоснование 
610 1 |a северные реки 
610 1 |a речные стоки 
610 1 |a переброска 
610 1 |a Волга 
610 1 |a окружающая среда 
610 1 |a социально-экономическая эффективность 
610 1 |a исследования 
675 |a 627.4  |v 4 
700 1 |a Березнер  |b А. С.  |g Александр Сергеевич 
801 1 |a RU  |b 63413507  |c 20150325 
801 2 |a RU  |b 63413507  |c 20171127  |g RCR 
942 |c BK